Recreacion : (Record no. 12686)

MARC details
000 -CABECERA
campo de control de longitud fija 00871nam a2200241 4500
003 - IDENTIFICADOR DEL NÚMERO DE CONTROL
campo de control OSt
005 - FECHA Y HORA DE LA ÚLTIMA TRANSACCIÓN
campo de control 20260530115257.0
008 - DATOS DE LONGITUD FIJA--INFORMACIÓN GENERAL
campo de control de longitud fija 260420b1972 mx a|||| |||| 00| 0 spa d
040 ## - FUENTE DE LA CATALOGACIÓN
Centro catalogador/agencia de origen ICI
Lengua de catalogación spa
Centro/agencia transcriptor ICI
050 14 - SIGNATURA TOPOGRÁFICA DE LA BIBLIOTECA DEL CONGRESO
Número de clasificación SB486.D46
Número de documento/Ítem A58
100 1# - ENTRADA PRINCIPAL--NOMBRE DE PERSONA
Nombre de persona Álvarez Fuentes, Manuel,
245 10 - MENCIÓN DE TÍTULO
Título Recreacion :
Resto del título diseño ambiental en parques y areas de juego /
Mención de responsabilidad, etc. Manuel Álvarez Fuentes
Medio 1972
264 #1 - PRODUCCIÓN, PUBLICACIÓN, DISTRIBUCIÓN, FABRICACIÓN Y COPYRIGHT
Nombre del de productor, editor, distribuidor, fabricante M. Alvarez Fuentes,
Fecha de producción, publicación, distribución, fabricación o copyright 1973
Producción, publicación, distribución, fabricación y copyright [México] :
300 ## - DESCRIPCIÓN FÍSICA
Extensión 1 volumen (sin páginas)
Dimensiones 28.3 cm.
336 ## - TIPO DE CONTENIDO
Término de tipo de contenido texto
Fuente rdacontent
337 ## - TIPO DE MEDIO
Nombre/término del tipo de medio sin medio
Fuente rdamedia
338 ## - TIPO DE SOPORTE
Nombre/término del tipo de soporte volumen
Fuente rdacarrier
650 #4 - PUNTO DE ACCESO ADICIONAL DE MATERIA--TÉRMINO DE MATERIA
Término de materia o nombre geográfico como elemento de entrada Parques
Subdivisión general Diseño y construccion
9 (RLIN) 30727
650 #4 - PUNTO DE ACCESO ADICIONAL DE MATERIA--TÉRMINO DE MATERIA
Término de materia o nombre geográfico como elemento de entrada Parques
Subdivisión general Diseño y construcción
Subdivisión geográfica México
9 (RLIN) 30728
650 #4 - PUNTO DE ACCESO ADICIONAL DE MATERIA--TÉRMINO DE MATERIA
Término de materia o nombre geográfico como elemento de entrada Áreas de recreación
Subdivisión general Diseño y construcción
9 (RLIN) 30729
650 #4 - PUNTO DE ACCESO ADICIONAL DE MATERIA--TÉRMINO DE MATERIA
Término de materia o nombre geográfico como elemento de entrada Áreas de recreación
Subdivisión general Diseño y construcción
Subdivisión geográfica México
9 (RLIN) 30730
942 ## - ELEMENTOS DE PUNTO DE ACCESO ADICIONAL (KOHA)
Fuente del sistema de clasificación o colocación Library of Congress Classification
Tipo de ítem Koha

No items available.